000 00331nam a22001337a 4500
020 _a9788176222891
082 _a631.531
_bSHO/CO
245 _aConservation Agriculture:The New Paradigm
260 _aNew Delhi
_bBiotech Books
_c2013
300 _a476
700 _aShobhana Gupta
_9834
700 _aNeeraj Hada
_9835
942 _cBK
999 _c14489
_d14489